| 000 | 01259cam a2200361 a 4500 | ||
|---|---|---|---|
| 001 | 12766294 | ||
| 003 | NUST-PNEC | ||
| 005 | 20170116180737.0 | ||
| 008 | 020507s2002 enka 001 0 eng c | ||
| 010 | _a 2002280783 | ||
| 015 | _aGBA2-Z7659 | ||
| 020 | _a0072191759 | ||
| 020 | _a9780072191752 | ||
| 035 | _a(OCoLC)ocm48680810 | ||
| 040 |
_aUKM _cPNEC |
||
| 042 | _apcc | ||
| 050 | 0 | 0 |
_aQA76.73.J38 _bT745 2002 |
| 082 | _a005.2762 TRE | ||
| 100 | 1 | _aTremblett, Paul. | |
| 245 | 1 | 0 |
_aInstant wireless Java with J2ME / _cPaul Tremblett. |
| 246 | 3 | 0 | _aWireless Java with J2ME |
| 260 |
_aBerkeley, Calif. ; _aLondon : _bMcGraw-Hill/Osborne, _cc2002. |
||
| 300 |
_axxii, 551 p. : _bill. ; _c24 cm. |
||
| 500 | _aIncludes index. | ||
| 650 | 0 |
_aJava (Computer program language) _xComputer, MIS |
|
| 650 | 0 | _aWireless communication systems. | |
| 650 | 0 |
_aEmbedded computer systems _xProgramming. |
|
| 856 | 4 | 2 | _uhttp://www.amazon.com/Instant-Wireless-Java-J2ME-Tremblett/dp/0072191759/ref=sr_1_1?s=books&ie=UTF8&qid=1417079078&sr=1-1&keywords=0072191759 |
| 856 | 4 | 1 | _3Table of contents |
| 906 |
_a7 _bcbc _ccopycat _d2 _encip _f20 _gy-gencatlg |
||
| 942 |
_2ddc _cBK |
||
| 999 |
_c62012 _d62012 |
||